| 000 | 01271nam a22002537a 4500 | ||
|---|---|---|---|
| 005 | 20170124103202.0 | ||
| 010 | _aB-068689 | ||
| 020 |
_c00.00 _a8173914370 |
||
| 035 | _aB-068689 | ||
| 037 | _bCen Lib/Ret | ||
| 040 |
_aDPL _bHN |
||
| 082 |
_a305.5 _bजेनब |
||
| 100 |
_aजेनब बानू _992130 |
||
| 245 |
_aराजनीतिक पहचान का संघर्ष एवं अनुसूचित जनजातियां / _cजेनब बानू |
||
| 246 |
_aRajnitik pehchan ka sangharsh ewam anusuchit janjatiyan / _bby Jenab Banu |
||
| 260 |
_aनई दिल्ली _bकनिष्का पब्लिशर्स _c2002 |
||
| 270 |
_bनई दिल्ली _a4697/5-21A, अंसारी रोड, दरियागंज _e110002 |
||
| 300 |
_aviii,153पृ. _c21सेमी(सजिल्द) |
||
| 650 |
_aआदिवासी राजनीती -- ऐतिहासिक संदर्भ _992131 |
||
| 650 |
_aजनजातीय राजनीती -- एक अंतर्दृष्टि _992132 |
||
| 650 |
_aTribal politics - historical context _992133 |
||
| 650 |
_aTribal politics - an Insight _992134 |
||
| 942 |
_2ddc _cHN _h305.5 _mजेनब |
||
| 999 |
_c120719 _d120719 |
||